| 000 | 02179cam a22004214i 4500 | ||
|---|---|---|---|
| 003 | PE-LiUPU | ||
| 005 | 20250731175620.0 | ||
| 008 | 150617s r 000 0 d | ||
| 020 | _a8525200085 | ||
| 035 | _a(Sirsi) i9788525200082 | ||
| 040 |
_aPE-LiUPU _bspa _cPE-LiUPU _erda |
||
| 049 | _aPRUA | ||
| 082 | 0 | 4 |
_a469.9 _bS55 _221 |
| 100 | 1 |
_ada Silva Neto, Serafim, _eautor. |
|
| 245 | 1 | 0 |
_aHistória da língua portuguesa / _cSerafim Da Silva Neto. |
| 264 | 1 |
_aRío de Janeiro : _bPresença, _c1986. |
|
| 300 |
_a670 páginas ; _c22 centímetros |
||
| 336 |
_atext _2rdacontent |
||
| 337 |
_aunmediated _2rdamedia |
||
| 338 |
_avolume _2rdacarrier |
||
| 490 | 0 |
_aColeçao Linguagem ; _v11 |
|
| 504 | _aIncluye bibliografía. | ||
| 505 | 0 | _aAntes dos romanos os romanos. -A língua o latim hispánico: La fonética. -Morfología. -Sintaxe. -Vocabulário. -O período germánico. -Os árabres. -Portugal. -A língua portuguesa. -O portugués medieval. -Expansao da língua. -O século da língua. -O século XVI. -O século XVIII. -Os grandes modelos da língua literária no século XIX. -A língua portuguesa no Brasil. -Origem dos colonizadores. -Conseqüencias da colonizaçao heterogenea: semelhnças com a pronúncia do sul de portugal. -Relaçoes com grandes massas nao portuguesas. -Contraste entre os centors urbanos e o ambiente rural: quadro arqueológico. -Breve histórico da estructura sociologica do portugues do Brasil. -A língua comun no seu aspecto brasileiro (portugues do Brasil) e as repercussones na língua literaria. | |
| 526 | _aP145 | ||
| 526 | _aP127 | ||
| 526 | _aP97 | ||
| 526 | _aP35 | ||
| 526 | _aP14 | ||
| 526 | _aP07 | ||
| 650 | 0 | 4 |
_aPortugues _xHistoria. |
| 910 |
_ajck _bjvq _cjck _d20150616 |
||
| 942 |
_2ddc _cBOOK |
||
| 949 |
_a469.9 S55 _wDEWEY _c1 _i36132 _lCCODEBUL1 _mBUL _r0 _sY _tBOOK _u2015-6-17 _xEDUCACION _zUNKNOWN _0COMPRA _o.STAFF. Colección General |
||
| 994 |
_aC0 _bPEPRU |
||
| 596 | _a1 | ||
| 999 |
_a469.9 S55 _wDEWEY _c17241 _i36132 _d17241 _f2021-11-5 _g5 _lCCODEBUL1 _mBUL _q1 _r0 _sY _tBOOK _u2015-6-17 _xBIBLIOTECA _zUNKNOWN _0COMPRA _o.STAFF. Colección General |
||
| 980 |
_81 _gALBERTO SANCHEZ Responsable de Automatización |
||